NBA Players Alma Maters - Statistics

General Stats
  • This quiz has been taken 31 times
  • The average score is 12 of 15
Answer Stats
Hint Answer % Correct
Michael Jordan (easy) North Carolina/UNC
100%
Steph Curry (easy) Davidson
96%
Magic Johnson (Easy) Michigan St
96%
Kevin Durant (easy) Texas
96%
Paolo Banchero (easy) Duke
93%
Devin Booker (easy) Kentucky
93%
James Harden (medium) Arizona St
89%
Kareem Abdul-Jabbar (medium) UCLA
89%
Kawhi Leonard (Medium) SDSU/San Diego St
85%
Jimmy Butler (Medium) Marquette
81%
Damian Lillard (medium) Weber St
67%
VJ Edgecombe (Medium) Baylor
63%
Cj McCollum (Hard) LeHigh
59%
Donovan Clingan (Hard) UConn/Connecticut
52%
Bones Hyland (Hard) VCU/Virginia Commonwealth
22%
No matching quizzes found
Score Distribution
Percent of People with Each Score
Percentile by Number Answered
Your Score History
You have not taken this quiz